[Event "Schachtuerken-Cup"]
[Site "Paderborn GER"]
[Date "2011.12.27"]
[Round "1.1"]
[White "Bluebaum,M"]
[Black "Nent,A"]
[Result "1-0"]
[WhiteElo "2403"]
[BlackElo "2024"]

1.d4 Nf6 2.c4 e6 3.g3 Bb4+ 4.Bd2 Qe7 5.Nf3 Nc6 6.Nc3 Bxc3 7.Bxc3 Ne4 8.Rc1 d6
9.d5 Nxc3 10.Rxc3 Nd8 11.Bg2 O-O 12.O-O e5 13.Qc2 b6 14.b4 Nb7 15.Ne1 a5
16.a3 Bd7 17.e4 axb4 18.axb4 Ra1 19.Nd3 Rfa8 20.Qd2 Qd8 21.f4 f6 22.c5 bxc5
23.bxc5 Bb5 24.c6 Nc5 25.Rxa1 Rxa1+ 26.Nc1 Qa8 27.Kf2 Qa5 28.Qc2 Rxc1 29.Qxc1 Nd3+
30.Rxd3 Bxd3 31.fxe5 fxe5 32.Qe3 Bc4 33.h4 h6 34.Kg1 Qa1+ 35.Kh2 Qa2 36.Qf3 Be2
37.Qf5 Bd3 38.Kh3 Qa8 39.Qd7 Qb8 40.Bf3 Bf1+ 41.Bg2 Ba6 42.Kh2 Bd3 43.Qe6+ Kh8
44.Qf7 Ba6 45.g4 Qd8 46.g5 Be2 47.Bh3 Ba6 48.Qg6 hxg5 49.Qh5+ Kg8 50.Be6+  1-0

[Event "XLI Rilton Cup 2011-12"]
[Site "Stockholm SWE"]
[Date "2011.12.28"]
[Round "2"]
[White "Lindgren,P"]
[Black "Malmdin,N"]
[Result "1/2-1/2"]
[WhiteElo "2152"]
[BlackElo "2308"]

1.d4 Nf6 2.c4 e6 3.g3 Bb4+ 4.Bd2 c5 5.Bxb4 cxb4 6.Bg2 O-O 7.e4 d6 8.Ne2 e5
9.O-O Nc6 10.a3 bxa3 11.Nxa3 a5 12.Qd2 b6 13.Nc2 Ba6 14.b3 Re8 15.Rfe1 Rb8
16.h3 Bb7 17.Nc3 Ba6 18.Nd5 Nd7 19.Kh2 b5 20.cxb5 Bxb5 21.f4 exd4 22.Nxd4 Nxd4
23.Qxd4 Nc5 24.Re3 Bc6 25.b4 Ne6 26.Qd2 axb4  1/2-1/2

[Event "Schachtuerken-Cup"]
[Site "Paderborn GER"]
[Date "2011.12.30"]
[Round "7.3"]
[White "Bluebaum,M"]
[Black "Skembris,S"]
[Result "1/2-1/2"]
[WhiteElo "2403"]
[BlackElo "2463"]

1.d4 Nf6 2.c4 e6 3.g3 Bb4+ 4.Bd2 Qe7 5.Nf3 O-O 6.Bg2 Nc6 7.Nc3 Bxc3 8.Bxc3 Ne4
9.Rc1 d6 10.d5 Nxc3 11.Rxc3 Nd8 12.O-O e5 13.c5 dxc5 14.Qc2 c6 15.Rxc5 f6
16.Nd2 Bf5 17.Qc1 cxd5 18.Bxd5+ Be6 19.Bg2 Rf7 20.a3 Rb8 21.Rd1 b6 22.Rc3 Nb7
23.Ne4 Rd8 24.Rxd8+ Qxd8 25.Rd3 Qc8  1/2-1/2

[Event "V Stadium Casablanca Open"]
[Site "Zaragoza ESP"]
[Date "2011.12.31"]
[Round "9"]
[White "Gonzalez Perez,A"]
[Black "Dauletova,G"]
[Result "1-0"]
[WhiteElo "2474"]
[BlackElo "2283"]

1.d4 Nf6 2.c4 e6 3.g3 Bb4+ 4.Bd2 a5 5.Bg2 d6 6.Nf3 Nbd7 7.O-O e5 8.e3 Bxd2
9.Qxd2 O-O 10.Nc3 Re8 11.Rad1 Qe7 12.Qc2 Nb6 13.b3 e4 14.Nd2 Bf5 15.Rde1 Qe6
16.Qd1 d5 17.f3 exf3 18.Qxf3 Bg4 19.Qf4 dxc4 20.bxc4 c6 21.e4 Nxc4 22.Nb3 Nh5
23.Qf2 Qf6 24.Qc2 Qh6 25.Qd3 b5 26.e5 a4 27.Nc5 Rad8 28.Qe4 Nd2 29.Qxg4 Nxf1
30.Kxf1 Qd2 31.Ne2 g6 32.Bxc6 Re7 33.Bxb5 Ng7 34.Ne4 Qh6 35.Nf6+ Kh8 36.h4 Nf5
37.Qg5 Qxg5 38.hxg5 Nxd4 39.Rd1 Ne6 40.Rxd8+ Nxd8 41.Bxa4 Ne6 42.Kf2 Nc5
43.Bb5 Ra7 44.Bc4 Kg7 45.Ne8+ Kf8 46.Nd6 Ne6 47.Bxe6 fxe6 48.Nc3 Rc7 49.Ndb5 Rc4
50.Ke3 Ke7 51.a4 Rc8 52.Ne4 Ra8 53.Nbc3 h5 54.Nc5 Rc8 55.N3e4 Ra8 56.Nd6 Ra5
57.Kd4 Ra8 58.Kc4 Rf8 59.Nd3 Kd7 60.Ne4 Ra8 61.Nec5+ Kc6 62.Nc1 Kb6 63.N1b3 Rc8
64.a5+ Kc7 65.Nd4 Ra8 66.Ndxe6+ Kc6 67.Nd4+ Kc7 68.a6 Kb6 69.e6 Rc8 70.Nb3 Rd8
71.Nc1 Kc6 72.N1d3 Kd6 73.Nb7+  1-0

[Event "Cracovia Open A"]
[Site "Krakow POL"]
[Date "2012.01.03"]
[Round "8.22"]
[White "Rawicz,K1"]
[Black "Mucha,R"]
[Result "1/2-1/2"]
[WhiteElo "2269"]
[BlackElo "2178"]

1.d4 Nf6 2.c4 e6 3.g3 Bb4+ 4.Nd2 O-O 5.Bg2 d5 6.Qc2 b6 7.Nf3 Bb7 8.O-O dxc4
9.Nxc4 Nbd7 10.Bg5 h6 11.Bxf6 Nxf6 12.Rfd1 Bd6 13.Rac1 Qe7 14.Nfe5 Bxg2 15.Kxg2 c5
16.Nxd6 Qxd6 17.Nf3 cxd4 18.Rxd4 Qe7 19.Qc7 Qxc7 20.Rxc7 Nd5 21.Rd7 Nf6 22.Rc7 Nd5
23.Rd7  1/2-1/2

[Event "24th Staufer-Open"]
[Site "Schwaebisch Gmuend GER"]
[Date "2012.01.04"]
[Round "5"]
[White "Gibicar,D"]
[Black "Weiss,And"]
[Result "0-1"]
[WhiteElo "2070"]
[BlackElo "2199"]

1.d4 Nf6 2.c4 e6 3.g3 Bb4+ 4.Bd2 c5 5.Bxb4 cxb4 6.Bg2 O-O 7.e4 d6 8.Ne2 e5
9.O-O Re8 10.d5 Nbd7 11.a3 bxa3 12.Rxa3 b6 13.Nd2 a6 14.Qa1 Rb8 15.Nc3 Rf8
16.b4 Ne8 17.Bh3 Nc7 18.Rc1 Nf6 19.Bxc8 Qxc8 20.c5 bxc5 21.bxc5 dxc5 22.Ne2 Qh3
23.Rxc5 Ng4 24.Nf1 Nb5 25.Rxa6 Nd4 26.Nxd4 exd4 27.Ra3 f5 28.f3 fxe4 29.fxg4 Rb2  0-1

[Event "TCh-ISR 2011-12"]
[Site "Israel ISR"]
[Date "2012.01.06"]
[Round "5.1"]
[White "Kantsler,B"]
[Black "Zoler,D"]
[Result "1/2-1/2"]
[WhiteElo "2422"]
[BlackElo "2541"]

1.d4 Nf6 2.c4 e6 3.g3 Bb4+ 4.Bd2 Be7 5.Bg2 d5 6.Nf3 O-O 7.O-O c6 8.Qc2 b6
9.Rd1 Ba6 10.b3 Nbd7 11.a4 c5 12.Na3 Bb7 13.Qb2 Ne4 14.Be1 Bf6 15.Rac1  1/2-1/2

[Event "ch-AUS 2011-12"]
[Site "North Geelong AUS"]
[Date "2012.01.06"]
[Round "9.1"]
[White "Ly,Mo"]
[Black "Johansen,D"]
[Result "1/2-1/2"]
[WhiteElo "2376"]
[BlackElo "2403"]

1.d4 e6 2.c4 Nf6 3.g3 Bb4+ 4.Bd2 Qe7 5.Bg2 Nc6 6.e3 e5 7.d5 Bxd2+ 8.Qxd2 Nb8
9.Nc3 d6 10.Nge2 a5 11.h3 h5 12.O-O-O Nbd7 13.Ne4 Nxe4 14.Bxe4 Nc5 15.Bc2 f5
16.f3 O-O 17.Nc3 Bd7  1/2-1/2

[Event "TCh-SVK Extraliga 2011-12"]
[Site "Slovakia SVK"]
[Date "2012.01.15"]
[Round "6"]
[White "Cernousek,L"]
[Black "Stocek,J"]
[Result "1/2-1/2"]
[WhiteElo "2438"]
[BlackElo "2600"]

1.d4 Nf6 2.c4 e6 3.g3 Bb4+ 4.Bd2 Bxd2+ 5.Qxd2 d5 6.Bg2 Nbd7 7.Nf3 c6 8.Qc2 b6
9.Nbd2 O-O 10.O-O Bb7 11.e4 h6 12.Rac1 Rc8 13.e5 Nh7 14.cxd5 cxd5 15.Qa4 a6
16.Qb4 Re8 17.Nb3 Nhf8 18.a4 Rc6 19.a5 Qa8 20.Rxc6 Bxc6 21.Rc1 Rb8 22.Nfd2 Bb5
23.Bf1 bxa5 24.Qxa5 Bxf1 25.Kxf1 Nb6 26.Ra1 Nc4 27.Qxa6 Qxa6 28.Rxa6 Nxd2+
29.Nxd2 Rb4 30.Ke2 Rxd4 31.f4 g5 32.Ke3 Rb4 33.b3 gxf4+ 34.gxf4 Ng6 35.Ra4 Rb8
36.b4 Ne7 37.Kd4 Nf5+ 38.Kc3 Kg7 39.Nb3 Kg6 40.Nc5 Ne7 41.Ra1 Nc6 42.Rb1 Rb5
43.Rg1+ Kf5 44.Nd3 Rb7 45.Rg7 Na7 46.Kd4 Rc7 47.Ke3 Nb5 48.Nc5 Ra7 49.Nd3 Na3
50.h4 Nc2+  1/2-1/2

[Event "11th Prague Open A"]
[Site "Prague CZE"]
[Date "2012.01.17"]
[Round "6"]
[White "Jirka,J"]
[Black "Stefansson,H"]
[Result "1/2-1/2"]
[WhiteElo "2415"]
[BlackElo "2534"]

1.d4 Nf6 2.c4 e6 3.g3 Bb4+ 4.Bd2 Be7 5.Bg2 d5 6.Nf3 O-O 7.O-O c6 8.Qc2 Nbd7
9.Bf4 b6 10.Rd1 Nh5 11.Bc1 Nhf6 12.Bf4 Nh5 13.Bc1 Nhf6 14.b3 Ba6 15.Nbd2 c5
16.e4 Rc8 17.exd5 exd5 18.Qf5 Bb7 19.Bb2 Qc7 20.Ne5 Rcd8 21.cxd5 Bxd5 22.Bxd5 Nxd5
23.dxc5 Nxc5 24.Ndf3 Bf6 25.Rac1 Rfe8 26.Re1 Qb7 27.Bd4 Ne7 28.Qg4 Ng6 29.Nxg6 Rxe1+
30.Rxe1 hxg6 31.Bxc5 bxc5 32.Qe4 Qa6  1/2-1/2

[Event "10th Parsvnath Open"]
[Site "New Delhi IND"]
[Date "2012.01.23"]
[Round "11.25"]
[White "Ghosh,D"]
[Black "Surendran,N"]
[Result "1-0"]
[WhiteElo "2372"]
[BlackElo "2209"]

1.d4 Nf6 2.c4 e6 3.g3 Bb4+ 4.Bd2 Bxd2+ 5.Qxd2 O-O 6.Bg2 d5 7.Nf3 Qe7 8.O-O Rd8
9.Rc1 Nc6 10.Qc3 dxc4 11.Na3 Bd7 12.Nxc4 Be8 13.e3 Nd5 14.Qe1 Nb6 15.Nfe5 Nxe5
16.Nxe5 c6 17.Nd3 f6 18.Qe2 Rab8 19.b4 Bg6 20.Nc5 e5 21.dxe5 Qxe5 22.a4 Bf7
23.Rab1 Nd5 24.Qe1 Nc7 25.Rd1 Bd5 26.e4 Ba2 27.Ra1 Rxd1 28.Rxd1 Be6 29.Qd2 b6
30.f4 Qh5 31.Nxe6 Nxe6 32.Qd6 Qe8 33.Bh3 Nf8 34.e5 fxe5 35.fxe5 Qh5 36.Be6+ Kh8
37.Rf1 Qe8 38.Bf7 Qc8 39.e6 Nxe6 40.Bxe6  1-0

[Event "Gibraltar Open"]
[Site "Caleta ENG"]
[Date "2012.01.25"]
[Round "2.100"]
[White "Sos Andreu,E"]
[Black "Bihi,M"]
[Result "1-0"]
[WhiteElo "2113"]
[BlackElo "1919"]

1.d4 Nf6 2.c4 e6 3.g3 Bb4+ 4.Bd2 Be7 5.Nf3 b6 6.Bg2 Bb7 7.O-O c5 8.d5 exd5
9.Nh4 g6 10.Bc3 O-O 11.cxd5 d6 12.e4 Nfd7 13.Nf3 b5 14.b3 Nb6 15.a4 b4 16.Bb2 a5
17.Nbd2 N8d7 18.Nc4 Re8 19.Nfd2 Bf8 20.Re1 f6 21.Bh3 Ne5 22.Nxe5 fxe5 23.Be6+ Kh8
24.f4 Bg7 25.f5 Qg5 26.Bc1 Ba6 27.Nf3 Qe7 28.Ng5 Rf8 29.Nxh7  1-0

[Event "17th HIT Open A"]
[Site "Nova Gorica SLO"]
[Date "2012.01.28"]
[Round "2"]
[White "Kolaric,S"]
[Black "Smirnov,Arte"]
[Result "0-1"]
[WhiteElo "2070"]
[BlackElo "2428"]

1.d4 Nf6 2.c4 e6 3.g3 Bb4+ 4.Bd2 Be7 5.Bg2 d5 6.Nf3 O-O 7.O-O c6 8.Qc2 Nbd7
9.Rd1 b6 10.Bf4 Bb7 11.Nc3 dxc4 12.Ne5 Nd5 13.Nxc4 Nxf4 14.gxf4 Nf6 15.e3 Nd5
16.Rac1 Rc8 17.Qe4 c5 18.Qe5 Bf6 19.Qd6 cxd4 20.Ne4 dxe3 21.fxe3 Be7 22.Qe5 b5
23.Ncd6 Rxc1 24.Rxc1 Qb6 25.Qd4 Qxd4 26.exd4 Nxf4 27.Rc7 Bxe4 28.Nxe4 Bd8
29.Rxa7 Bb6 30.Rd7 Bxd4+ 31.Kf1 Bxb2 32.Rb7 f5 33.Ng5 Bf6 34.Nh3 Nxg2 35.Kxg2 Ra8  0-1

[Event "17th HIT Open A"]
[Site "Nova Gorica SLO"]
[Date "2012.01.28"]
[Round "4"]
[White "Titan,M"]
[Black "Franca,Veronika"]
[Result "1/2-1/2"]
[WhiteElo "2097"]
[BlackElo "1840"]

1.d4 Nf6 2.c4 e6 3.g3 Bb4+ 4.Bd2 Qe7 5.Nf3 b6 6.Bg2 Bb7 7.O-O Bxd2 8.Qxd2 O-O
9.Nc3 d6 10.Qf4 Re8 11.Rfd1 a6 12.Rac1 Nbd7 13.Qd2 Rad8 14.e3 Ne4 15.Nxe4 Bxe4
16.Qe2 Bb7 17.e4 e5 18.d5 a5 19.b3 Nc5 20.Nd2 Bc8 21.a3 f5 22.b4 axb4 23.axb4 Na6
24.Rb1 Qg5 25.exf5 Bxf5 26.Ne4 Qg6 27.Qe3 Ra8 28.Rb2 Nb8 29.c5 bxc5 30.bxc5 Bxe4
31.Bxe4 Qf6 32.Rb7 Na6 33.c6 Qe7 34.Ra1 Nc5 35.Rba7 Rxa7 36.Rxa7 Qd8 37.Ra1 Qb8
38.Rb1 Qa8 39.Qe2 Rb8 40.Rxb8+ Qxb8 41.Bf5 g6 42.Qg4 Kh8 43.Be4 Kg7 44.h4 Qb4
45.f3  1/2-1/2

[Event "TCh-BEL 2011-12"]
[Site "Belgium BEL"]
[Date "2012.01.29"]
[Round "7.3"]
[White "Docx,S"]
[Black "Alienkin,A"]
[Result "1-0"]
[WhiteElo "2328"]
[BlackElo "2379"]

1.d4 e6 2.c4 Nf6 3.g3 Bb4+ 4.Bd2 Be7 5.Bg2 d5 6.Nf3 O-O 7.O-O c6 8.Qc2 b6
9.Rd1 Nbd7 10.Bf4 Bb7 11.Ne5 Rc8 12.Nc3 Nh5 13.cxd5 cxd5 14.Be3 Nhf6 15.f4 a6
16.f5 Nxe5 17.dxe5 Ng4 18.Bd4 Bc5 19.Qd2 Nxe5 20.fxe6 fxe6 21.Qe3 Qf6 22.Bh3 Kh8
23.Bxc5 bxc5 24.Rf1 Nc4 25.Qxe6 Qd4+ 26.e3 Nxe3 27.Ne2 Qd2 28.Qe7 Nxf1 29.Bxc8 Rg8
30.Bxb7 Ne3 31.Nf4 Qxb2 32.Ng6+  1-0

[Event "TCh-CZE Liga 1 Zapad"]
[Site "Czech Rep CZE"]
[Date "2012.01.29"]
[Round "7.5"]
[White "Straka,Jos"]
[Black "Vlasak,Lu"]
[Result "1/2-1/2"]
[WhiteElo "2299"]
[BlackElo "2319"]

1.d4 Nf6 2.c4 e6 3.g3 Bb4+ 4.Bd2 c5 5.Bxb4 cxb4 6.Bg2 O-O 7.Nf3 d6 8.O-O Nc6
9.a3 bxa3 10.Rxa3 e5 11.Nc3 Bg4 12.d5 Bxf3 13.Bxf3 Nb4 14.Bg2 a5 15.Bh3 Re8
16.Qd2 b6 17.Bf5 Nd7 18.Bxd7 Qxd7 19.b3 Re7 20.Na2 Nxa2 21.Rxa2 Qc8 22.Rfa1 Rb8
23.Ra4 Rc7 24.Kg2 g6 25.Qd3 Kg7 26.R1a2 Rc5 27.e4 Qc7 28.Qf3 Rf8 29.Qe3 Qc8
30.b4 axb4 31.Rxb4 Rxc4 32.Qxb6 Rxb4 33.Qxb4 Rd8  1/2-1/2

[Event "TCh-CZE Liga 1 Zapad"]
[Site "Czech Rep CZE"]
[Date "2012.01.29"]
[Round "7.2"]
[White "Jirka,J"]
[Black "Spirin,O"]
[Result "0-1"]
[WhiteElo "2415"]
[BlackElo "2493"]

1.d4 Nf6 2.c4 e6 3.g3 Bb4+ 4.Bd2 Qe7 5.Bg2 Nc6 6.Nf3 Bxd2+ 7.Nbxd2 d6 8.O-O O-O
9.e4 e5 10.d5 Nb8 11.Ne1 a5 12.Nd3 Na6 13.a3 Bg4 14.f3 Bd7 15.b4 axb4 16.axb4 c6
17.dxc6 bxc6 18.Ra5 Nc7 19.Qa1 Rxa5 20.Qxa5 Rc8 21.Rb1 Nfe8 22.Qb6 Qd8 23.f4 Rb8
24.Qf2 f6 25.fxe5 dxe5 26.Nc5 Bc8 27.Bf1 Nd6 28.Qe3 Qe7 29.Kg2 h6 30.Qc3 Ne6
31.Nxe6 Bxe6 32.b5 cxb5 33.cxb5 Qb7 34.Bd3 Rc8 35.Qa5 Ra8 36.Qb4 Qb6 37.Rb2 Ra1
38.Nb1 f5 39.Qc3 fxe4 40.Qxe5 Nf7 41.Qxe4 Ng5 42.Qe2 Bd5+ 43.Kf1 Ra8 44.Rb4 Qc5
45.Qe1 Nf3 46.Qc3 Qg1+ 47.Ke2 Re8+ 48.Be4 Ng5 49.Nd2 Bxe4 50.Nxe4 Nxe4  0-1

[Event "Moscow Open Women 2012"]
[Site "Moscow RUS"]
[Date "2012.02.01"]
[Round "5.8"]
[White "Grabuzova,T"]
[Black "Enkhtuul,A"]
[Result "1/2-1/2"]
[WhiteElo "2340"]
[BlackElo "2211"]

1.d4 Nf6 2.c4 e6 3.g3 Bb4+ 4.Bd2 Qe7 5.Bg2 Nc6 6.e3 Bxd2+ 7.Nxd2 O-O 8.Ne2 e5
9.dxe5 Qxe5 10.Qb3 d6 11.O-O Nd7 12.Nf3 Qf6 13.Qc3 Nde5 14.Nfd4 Nxd4 15.exd4 Ng6
16.d5 Qxc3 17.Nxc3  1/2-1/2

[Event "Moscow Open 2012 A"]
[Site "Moscow RUS"]
[Date "2012.02.01"]
[Round "5.51"]
[White "Arslanov,S"]
[Black "Gerasimov,I"]
[Result "1/2-1/2"]
[WhiteElo "2424"]
[BlackElo "2333"]

1.d4 Nf6 2.c4 e6 3.g3 Bb4+ 4.Bd2 a5 5.Bg2 O-O 6.e4 d5 7.e5 Nfd7 8.cxd5 exd5
9.Nc3 c5 10.Nxd5 Bxd2+ 11.Qxd2 cxd4 12.f4 Nc6 13.Nf3 Nb6 14.Nxb6 Qxb6 15.O-O h6
16.h3 Be6 17.Rfd1 Rfd8 18.Qf2 Rd7 19.Rd2 Rad8 20.g4 Bd5 21.a3 Qa6 22.Rad1 Bb3
23.Re1 d3 24.Re4 Bd5 25.Re3 Qc4 26.Rexd3 Qxf4 27.Qc5 Be6 28.Rxd7 Rxd7 29.Rxd7 Bxd7
30.Kf2 Be6 31.Bf1 h5 32.gxh5 Qh6 33.b4 axb4 34.axb4 Qf4 35.b5 Nb4 36.Qd4 Qxd4+
37.Nxd4 Bd7 38.Bg2 Nd3+ 39.Ke3 Nc5 40.Kd2 b6 41.Kc3 Kf8 42.h4 Ne6 43.Nxe6+ Bxe6
44.Bf3 Bh3 45.Be2 Ke7 46.Kd4 Bg2 47.Ke3 f6 48.Kf4 fxe5+ 49.Kxe5 Bh3 50.Kd5 Bg2+
51.Ke5 Bh3 52.Bd3 Be6 53.Be2 Bh3 54.Bd3 Be6 55.Be2 Bh3 56.Kf4 Kf6 57.Ke3 Bg2
58.Kd4 Ke6 59.Bc4+ Kd6 60.Bf7 Bf1 61.Be8  1/2-1/2

[Event "Tel Aviv GM"]
[Site "Tel Aviv ISR"]
[Date "2012.02.28"]
[Round "2"]
[White "Jirka,J"]
[Black "Raznikov,D"]
[Result "0-1"]
[WhiteElo "2415"]
[BlackElo "2436"]

1.d4 Nf6 2.c4 e6 3.g3 Bb4+ 4.Bd2 Qe7 5.Bg2 Nc6 6.Nf3 Bxd2+ 7.Nbxd2 d6 8.O-O a5
9.e4 e5 10.d5 Nb8 11.Ne1 h5 12.Nd3 h4 13.Qa4+ Bd7 14.Qb3 b6 15.c5 a4 16.Qc4 bxc5
17.b4 cxb4 18.Nxb4 hxg3 19.hxg3 Ra7 20.Rfc1 O-O 21.Rc3 Rc8 22.Rac1 Rb7 23.Nc6 Bxc6
24.dxc6 Ra7 25.Bh3 Rd8 26.Rb1 Ra8 27.f3 g6 28.Rb4 d5 29.Qb5 dxe4 30.Nxe4 Nd5
31.Rbc4 Nxc3 32.Rxc3 f5 33.Nf2 Na6 34.a3 Kg7 35.g4 Rd2 36.Bf1 Qd6 37.Rd3 Rxd3
38.Nxd3 e4 39.fxe4 fxe4 40.Nf2 Nc5 41.Qb2+ Qf6 42.Qd2 Re8 43.Qe3 Qxc6 44.Qc3+ Qf6
45.Qxc5 e3 46.Nh3 e2 47.Bxe2 Rxe2 48.Qxc7+ Qe7 49.Qc3+ Qe5  0-1

[Event "TCh-ISR 2011-12"]
[Site "Israel ISR"]
[Date "2012.03.02"]
[Round "11.1"]
[White "Porat,S"]
[Black "Zoler,D"]
[Result "1-0"]
[WhiteElo "2490"]
[BlackElo "2541"]

1.d4 Nf6 2.c4 e6 3.g3 Bb4+ 4.Bd2 a5 5.Bg2 d6 6.e4 O-O 7.Ne2 e5 8.O-O exd4
9.Nxd4 Re8 10.Re1 Nbd7 11.Nc2 Bc5 12.Nc3 Ne5 13.Be3 Nxc4 14.Bxc5 dxc5 15.e5 Bf5
16.exf6 Qxd1 17.Rexd1 Bxc2 18.Rdc1 Bd3 19.Nd5 Rad8 20.b3 Na3 21.Rxc5 c6 22.Nf4 Bb1
23.Bf3 Re1+ 24.Kg2 Rde8 25.Rg5 Nc2 26.Rxg7+ Kh8 27.Rxb1 Rxb1 28.Bh5 Rf8 29.Bxf7 Rb2
30.g4 Nd4 31.g5 Nf5 32.Ne6 Re2 33.Rxh7+ Kxh7 34.Nxf8+ Kh8 35.g6 Re4 36.Kf3 Re1
37.Kf4 Ng7 38.fxg7+ Kxg7 39.Ne6+ Kf6 40.Nc5 Re2 41.Ne4+ Kg7 42.a4 b5 43.h4 bxa4
44.bxa4 Rb2 45.Kg5 Re2 46.Ng3  1-0

[Event "Tel Aviv GM"]
[Site "Tel Aviv ISR"]
[Date "2012.03.07"]
[Round "9"]
[White "Jirka,J"]
[Black "Godena,M"]
[Result "1/2-1/2"]
[WhiteElo "2415"]
[BlackElo "2533"]

1.d4 Nf6 2.c4 e6 3.g3 Bb4+ 4.Bd2 c5 5.Bxb4 cxb4 6.Bg2 O-O 7.e4 d6 8.Ne2 e5
9.a3 Qb6 10.Qd2 exd4 11.axb4 Re8 12.O-O Bg4 13.Nf4 Nc6 14.f3 Be6 15.b5 Ne5
16.b3 a6 17.Na3 Bd7 18.Bh3 Bxh3 19.Nxh3 axb5 20.Kg2 bxc4 21.bxc4 Rxa3 22.Rxa3 Nxc4
23.Qa2 Nxa3 24.Qxa3 d5 25.e5 Rxe5 26.Rf2 Re3 27.Qa8+ Re8 28.Qa4 h6 29.Nf4 Re3
30.Rd2 g5 31.Ne2 d3 32.Nd4 Qc5 33.Qa8+ Re8 34.Qa1 Qc4 35.Nf5 Qa6 36.Nxh6+ Kh7
37.Qxa6 bxa6 38.Nxf7 Kg6 39.Nd6 Re6 40.Nb7 g4 41.fxg4 Re3 42.Nc5 Re2+ 43.Rxe2 dxe2
44.Nd3 Ne4 45.Kf3 Nc3 46.Ke3 a5 47.Kd4 Nb5+ 48.Kxd5 Kg5 49.h3 a4 50.Kc4 Nd6+
51.Kb4 Ne4 52.Ne1 Nxg3 53.Ng2 Ne4 54.Kxa4 Nf2 55.Kb3 Nxh3 56.Kc2 Kxg4 57.Kd2 Kf3
58.Ke1 Ng1 59.Nh4+ Ke3 60.Ng2+ Kf3 61.Nh4+ Kf4 62.Kf2 Ke4 63.Ng2  1/2-1/2

[Event "36th Blackpool Open"]
[Site "Blackpool ENG"]
[Date "2012.03.10"]
[Round "2"]
[White "Combie,A"]
[Black "Oswald,G"]
[Result "1-0"]
[WhiteElo "2039"]
[BlackElo "2178"]

1.d4 Nf6 2.c4 e6 3.g3 Bb4+ 4.Nd2 Nc6 5.Nf3 d5 6.Bg2 dxc4 7.Qc2 O-O 8.Qxc4 Qd5
9.O-O Rd8 10.e3 a5 11.Qc2 Qh5 12.Nc4 Qf5 13.Qd1 Bd7 14.a3 Be7 15.b3 h6 16.Bb2 Be8
17.Rc1 Ra6 18.Nfe5 Nxe5 19.Nxe5 c6 20.Qe2 Rb6 21.e4 Qh7 22.Qc2 Ra6 23.Rfd1 h5
24.h3 h4 25.g4 g5 26.Re1 Qh6 27.Nd3 Qf8 28.Ra1 Nd7 29.d5 exd5 30.exd5 c5
31.f4 gxf4 32.Nxf4 Bf6 33.Bxf6 Nxf6 34.Re5  1-0

[Event "TCh-SVK Extraliga 2011-12"]
[Site "Slovakia SVK"]
[Date "2012.03.10"]
[Round "10.2"]
[White "Cernousek,L"]
[Black "Polak,T"]
[Result "1/2-1/2"]
[WhiteElo "2438"]
[BlackElo "2543"]

1.d4 Nf6 2.c4 e6 3.g3 Bb4+ 4.Bd2 a5 5.Bg2 d6 6.Nf3 Nbd7 7.O-O e5 8.Nc3 O-O
9.Qc2 Re8 10.e4 exd4 11.Nxd4 Ne5 12.b3 a4 13.Nxa4 Bxd2 14.Qxd2 Nxc4 15.Qc2 Ne5
16.Nc3 c6 17.h3 Qb6 18.Rfd1 h5 19.f4 Ng6 20.Qf2 Bd7 21.Nde2 Qb4 22.Rd4 Qa3
23.Rad1 d5 24.exd5 cxd5 25.Nxd5 Nxd5 26.Rxd5 Bc6 27.R5d2 Bxg2 28.Kxg2 Ne7
29.g4 Qa6 30.Ng3 hxg4 31.hxg4 Ng6 32.Nh5 Qe6 33.Kh3 Rxa2 34.Rxa2 Qxb3+ 35.Kh2 Qxd1
36.Qb2 f6 37.Qxb7 Re7 38.Qc8+ Kh7 39.Qf5 Re2+ 40.Rxe2 Qxe2+ 41.Kg3 Qe3+ 42.Kg2 Qe2+
43.Kg3 Qe3+  1/2-1/2

[Event "European Ind w 2012"]
[Site "Gaziantep TUR"]
[Date "2012.03.12"]
[Round "10"]
[White "Goryachkina,A"]
[Black "Batsiashvili,N"]
[Result "1/2-1/2"]
[WhiteElo "2341"]
[BlackElo "2438"]

1.d4 Nf6 2.c4 e6 3.g3 Bb4+ 4.Bd2 Be7 5.Bg2 d5 6.Nf3 c6 7.Qc2 Nbd7 8.O-O O-O
9.Bf4 a5 10.Nbd2 Nh5 11.Ne1 Nxf4 12.gxf4 b5 13.c5 Qe8 14.Nd3 f6 15.Nf3 Bd8
16.b3 Bc7 17.Qb2 b4 18.a3 bxa3 19.Rxa3 Ba6 20.Qd2 Qh5 21.b4 Bxd3 22.Rxd3 axb4
23.Qxb4 Rfb8 24.Qd2 Qg4 25.e3 Kh8 26.Kh1 e5 27.fxe5 fxe5 28.Nxe5 Nxe5 29.dxe5 Bxe5
30.Qd1 Qc4 31.Rd2 Ra1 32.Qe2 Qxe2 33.Rxe2 Rbb1 34.f4 Bc3 35.Rf2 Bb4 36.Rb2 Rxf1+
37.Bxf1 Rxf1+ 38.Kg2 Rc1 39.Rxb4 Kg8 40.Rb7 Rxc5 41.h4 Rc3 42.Kf2 h5 43.Rd7 Rc2+
44.Kf3 Kf8 45.f5 Rc4 46.Rc7 c5 47.Rd7 d4 48.exd4 cxd4 49.Ke4 d3+ 50.Kxd3 Rxh4
51.Ke3 Rg4 52.Kf3 Kg8 53.Ra7 Rg1 54.Kf4 Rg4+ 55.Kf3 Rb4 56.Kg3 Rc4 57.Rb7 Rg4+
58.Kf3 Rg1 59.Kf4 h4 60.Rb3 Rh1 61.Rb7 Rg1 62.Rb3 Kf7 63.Rh3 Kf6 64.Rxh4 Rf1+
65.Kg3 Kxf5 66.Ra4 Rg1+ 67.Kf2 Rb1 68.Kf3 Rb3+ 69.Kf2 g5 70.Kg2 Rc3 71.Rb4 Kg6
72.Ra4 Kh5 73.Rb4 Rc2+ 74.Kg3 Rc1 75.Rb3 Rg1+ 76.Kf2 Rg4 77.Ra3 Kh4 78.Rb3 Ra4
79.Kg2 g4 80.Rc3 Ra2+ 81.Kg1 Re2 82.Ra3 Kg5 83.Rb3 Kf4 84.Ra3 g3 85.Ra8 Re1+
86.Kg2 Re2+ 87.Kg1  1/2-1/2

[Event "ch-CZE U20 2012"]
[Site "Kouty nad Desnou CZE"]
[Date "2012.03.16"]
[Round "10"]
[White "Kriebel,T"]
[Black "Balacek,T"]
[Result "1-0"]
[WhiteElo "2333"]
[BlackElo "2221"]

1.d4 Nf6 2.c4 e6 3.g3 Bb4+ 4.Bd2 Be7 5.Bg2 d5 6.Nf3 c6 7.Qc2 O-O 8.O-O b6
9.Rd1 Bb7 10.Bf4 Na6 11.b3 Rc8 12.Nc3 c5 13.Qb2 Nc7 14.Rac1 Re8 15.e4 cxd4
16.Nxd4 Bb4 17.Bxc7 Qxc7 18.exd5 Bxc3 19.Qxc3 exd5 20.Nb5 Qb8 21.Qb4 Rc5
22.cxd5 a5 23.Qa4 Rxc1 24.Rxc1 Bxd5 25.Bxd5 Nxd5 26.Qd4 Nf6 27.Qd6 h6 28.Qc6 Rd8
29.a4 Nd5 30.Rc4 Nb4 31.Qe4 Re8 32.Qf3 Rc8 33.Nd6 Rf8 34.Nf5 Qe5 35.Re4 Qa1+
36.Kg2 Kh7 37.Nd6 f6 38.Qf5+ Kh8 39.Nf7+ Kg8 40.Nxh6+  1-0

[Event "TCh-CZE Liga 1 Zapad"]
[Site "Czech Rep CZE"]
[Date "2012.03.18"]
[Round "10.2"]
[White "Cernousek,L"]
[Black "Chloupek,S"]
[Result "0-1"]
[WhiteElo "2438"]
[BlackElo "2338"]

1.d4 Nf6 2.c4 e6 3.g3 Bb4+ 4.Bd2 Qe7 5.Nf3 Nc6 6.Nc3 Bxc3 7.Bxc3 Ne4 8.Rc1 Nxc3
9.Rxc3 d6 10.d5 Nd8 11.Bg2 O-O 12.Nd2 e5 13.c5 f5 14.O-O Nf7 15.cxd6 cxd6
16.Qb3 b6 17.Qa3 Bb7 18.Rfc1 Rfc8 19.e4 Qg5 20.Nc4 fxe4 21.Bxe4 Rc5 22.b4 Rcc8
23.Ne3 a5 24.Rxc8+ Bxc8 25.bxa5 bxa5 26.Rc7 g6 27.h4 Qd8 28.Qc3 Bd7 29.Bf3 Nh6
30.h5 Rc8 31.Rxc8 Bxc8 32.hxg6 hxg6 33.Be4 Bf5 34.Qc2 Bxe4 35.Qxe4 Kg7 36.Qc2 Qb6
37.Kg2 Nf7 38.Qb3 Qd4 39.Qc4 Qd2 40.a4 Nh6 41.Qh4 Qd3 42.Qc4 Qd2 43.Qc7+ Nf7
44.Qd7 Qb4 45.Kf3 Qe1 46.Qg4 Qb1 47.Kg2 Qd3 48.Qc4 Qd2 49.Kf1 Qb2 50.Qb5 Qa1+
51.Ke2 Qa2+ 52.Ke1 Qa1+ 53.Nd1 Ng5 54.Ke2 Qa2+ 55.Kf1 Qd2 56.Ne3 Nf7 57.Kg2 Qe1
58.Qf1 Qd2 59.Qd1 Qb4 60.Qg4 Qb1 61.Qc4 Qe1 62.Qb3 Qe2 63.Qc2 Qe1 64.Nc4 Qb4
65.Kf1 Nh6 66.Ne3 Nf7 67.Ke2 Qa3 68.Kd2 Qa1 69.Qc4 Qb2+ 70.Nc2 Qb6 71.Ke2 Qb2
72.Kd3 Qc1 73.Ne3 Qa1 74.Kc2 Qe1 75.Ng4 Qh1 76.Ne3 Qe1 77.Ng4 Qh1 78.Kd2 Qa1
79.Ke2 Qb2+ 80.Kf1 Qb1+ 81.Kg2 Qd1 82.Nh2 Qd2 83.Nf3 Qd1 84.Qb5 Qc2 85.Qxa5 Qe4
86.Qa7 Qxd5 87.a5 g5 88.Qd7 e4 89.Ne1 e3+ 90.Kf1 Qc4+ 91.Kg2  0-1

[Event "ch-VIE Men 2012"]
[Site "Can Tho VIE"]
[Date "2012.03.19"]
[Round "1.5"]
[White "Nguyen Huynh Minh Huy"]
[Black "Ton,T"]
[Result "1-0"]
[WhiteElo "2460"]
[BlackElo "2177"]

1.d4 Nf6 2.c4 e6 3.g3 Bb4+ 4.Nc3 c5 5.Nf3 b6 6.Bg2 Bb7 7.O-O O-O 8.Nb5 cxd4
9.Bf4 d6 10.a3 a6 11.Nbxd4 Bc5 12.Nb3 e5 13.Bg5 h6 14.Bxf6 Qxf6 15.Qc2 Rd8
16.Rad1 Nd7 17.Nfd2 Bxg2 18.Kxg2 Rac8 19.Ne4 Qg6 20.Qd3 Nf8 21.e3 Qe6 22.Nc1 a5
23.Nc3 Ng6 24.N1e2 Re8 25.Qd5 Qg4 26.Qe4 Qh5 27.g4 Qg5 28.Kh1 Ne7 29.Rb1 Nc6
30.Nd5 a4 31.Nec3 Na5 32.Nxa4 Nb3 33.Rbd1  1-0

[Event "ch-VIE Men KO 2012"]
[Site "Can Tho VIE"]
[Date "2012.03.26"]
[Round "1.2"]
[White "Tran Tuan Minh"]
[Black "Bao Khoa"]
[Result "1/2-1/2"]
[WhiteElo "2249"]
[BlackElo "2221"]

1.d4 Nf6 2.c4 e6 3.g3 Bb4+ 4.Bd2 Be7 5.Bg2 d5 6.Nf3 O-O 7.O-O dxc4 8.Qc2 c5
9.Qxc4 cxd4 10.Nxd4 e5 11.Nb3 Be6 12.Qb5 Bd5 13.Bxd5 Qxd5 14.Qxd5 Nxd5 15.Nc3 Nxc3
16.Bxc3 Nc6 17.Rfd1 Rfd8 18.Na5 Nxa5 19.Bxa5 b6 20.Bc3 f6 21.Kg2 Kf7 22.Kf3 Bc5
23.e3 Ke6 24.Ke2 g6 25.f3 Be7 26.Kf2 Bc5 27.Ke2 Be7 28.Kf2 Bc5  1/2-1/2

[Event "European Senior Teams 2012"]
[Site "Rogaska Slatina SLO"]
[Date "2012.04.01"]
[Round "6.2"]
[White "Chernikov,O1"]
[Black "Kolbak,J"]
[Result "1-0"]
[WhiteElo "2415"]
[BlackElo "2278"]

1.g3 Nf6 2.c4 e6 3.d4 Bb4+ 4.Bd2 Bxd2+ 5.Qxd2 d5 6.Nc3 O-O 7.Nf3 Nc6 8.Ne5 Nxe5
9.dxe5 Nd7 10.cxd5 Nxe5 11.Bg2 exd5 12.Qxd5 Qe7 13.Qe4 f5 14.Nd5 Qd6 15.Qf4 Re8
16.O-O c6 17.Ne3 Qf6 18.Rfd1 Be6 19.Qd4 Nd7 20.b4 Qxd4 21.Rxd4 Nb6 22.a4 Rad8
23.Rxd8 Rxd8 24.a5 Nd5 25.Bxd5 cxd5 26.Rc1 Rd7 27.Nd1 d4 28.Nb2 Bd5 29.Nd3 Re7
30.f3 a6 31.Kf2 g6 32.Rc8+ Kf7 33.Rd8 Bc4 34.Rxd4 Bxd3 35.Rxd3 Kf6 36.Ke1 g5
37.Kd2 g4 38.f4 h5 39.Rd6+ Kg7 40.Kd3 Rc7 41.e4 fxe4+ 42.Kxe4 Kf7 43.Kf5 Rc2
44.Rd7+ Ke8 45.Rxb7 Kd8 46.Kg5 Rxh2 47.Rh7 Rg2 48.b5 axb5 49.a6 Ra2 50.a7 Kc8
51.a8=Q+ Rxa8 52.Rh8+ Kb7 53.Rxa8 Kxa8 54.f5  1-0